<?xml version="1.0" encoding="UTF-8"?>
<record
    xmlns:xsi="http://www.w3.org/2001/XMLSchema-instance"
    xsi:schemaLocation="http://www.loc.gov/MARC21/slim http://www.loc.gov/standards/marcxml/schema/MARC21slim.xsd"
    xmlns="http://www.loc.gov/MARC21/slim">

  <leader>01820cam a2200373 i 4500</leader>
  <controlfield tag="003">SA-RiAUC</controlfield>
  <controlfield tag="005">20250118134914.0</controlfield>
  <controlfield tag="008">250104s1985    su a   f     i00010 ara c</controlfield>
  <datafield tag="020" ind1=" " ind2=" ">
    <subfield code="a">4157075</subfield>
  </datafield>
  <datafield tag="040" ind1=" " ind2=" ">
    <subfield code="a">SA-RiAUC</subfield>
    <subfield code="b">ara</subfield>
    <subfield code="c">SA-RiAUC</subfield>
    <subfield code="d">KSU</subfield>
    <subfield code="e">rda</subfield>
  </datafield>
  <datafield tag="041" ind1="1" ind2=" ">
    <subfield code="a">ara</subfield>
    <subfield code="h">eng</subfield>
  </datafield>
  <datafield tag="043" ind1=" " ind2=" ">
    <subfield code="a">a-ja---</subfield>
  </datafield>
  <datafield tag="050" ind1=" " ind2="4">
    <subfield code="b">.B43 1985</subfield>
  </datafield>
  <datafield tag="082" ind1="0" ind2="4">
    <subfield code="a">370.952</subfield>
    <subfield code="q">SA-RiAUC</subfield>
  </datafield>
  <datafield tag="090" ind1=" " ind2=" ">
    <subfield code="a">370.952   </subfield>
    <subfield code="b">  &#x628; &#x648; &#x634;</subfield>
  </datafield>
  <datafield tag="100" ind1="1" ind2=" ">
    <subfield code="a">&#x628;&#x648;&#x634;&#x627;&#x645;&#x628;&#x60C; &#x625;&#x62F;&#x648;&#x627;&#x631;&#x62F;&#x60C;</subfield>
    <subfield code="d">1933-</subfield>
    <subfield code="e">&#x645;&#x624;&#x644;&#x641;.</subfield>
  </datafield>
  <datafield tag="240" ind1="1" ind2="0">
    <subfield code="a">Education in contemporary Japan.</subfield>
    <subfield code="l">Arabic</subfield>
  </datafield>
  <datafield tag="245" ind1="1" ind2="2">
    <subfield code="a">&#x627;&#x644;&#x62A;&#x631;&#x628;&#x64A;&#x629; &#x641;&#x64A; &#x627;&#x644;&#x64A;&#x627;&#x628;&#x627;&#x646; &#x627;&#x644;&#x645;&#x639;&#x627;&#x635;&#x631;&#x629; /</subfield>
    <subfield code="c">&#x625;&#x639;&#x62F;&#x627;&#x62F; &#x625;&#x62F;&#x648;&#x627;&#x631;&#x62F; &#x628;&#x648;&#x634;&#x627;&#x645;&#x628; &#x61B; &#x627;&#x644;&#x62A;&#x631;&#x62C;&#x645;&#x629; &#x648;&#x627;&#x644;&#x62A;&#x639;&#x644;&#x64A;&#x642; &#x645;&#x62D;&#x645;&#x62F; &#x639;&#x628;&#x62F; &#x627;&#x644;&#x639;&#x644;&#x64A;&#x645; &#x645;&#x631;&#x633;&#x64A;.</subfield>
  </datafield>
  <datafield tag="250" ind1=" " ind2=" ">
    <subfield code="a">&#x627;&#x644;&#x637;&#x628;&#x639;&#x629; &#x627;&#x644;&#x623;&#x648;&#x644;&#x649;.</subfield>
  </datafield>
  <datafield tag="264" ind1=" " ind2="1">
    <subfield code="a">&#x627;&#x644;&#x631;&#x64A;&#x627;&#x636; :</subfield>
    <subfield code="b">&#x645;&#x643;&#x62A;&#x628; &#x627;&#x644;&#x62A;&#x631;&#x628;&#x64A;&#x629; &#x627;&#x644;&#x639;&#x631;&#x628;&#x64A; &#x644;&#x62F;&#x648;&#x644; &#x627;&#x644;&#x62E;&#x644;&#x64A;&#x62C; &#x627;&#x644;&#x639;&#x631;&#x628;&#x64A;&#x60C;</subfield>
    <subfield code="c">1985</subfield>
  </datafield>
  <datafield tag="300" ind1=" " ind2=" ">
    <subfield code="a">68 &#x635;&#x641;&#x62D;&#x629; :</subfield>
    <subfield code="b">&#x62C;&#x62F;&#x627;&#x648;&#x644; &#x61B;</subfield>
    <subfield code="c">24 &#xD7; 17 &#x633;&#x645;</subfield>
  </datafield>
  <datafield tag="336" ind1=" " ind2=" ">
    <subfield code="a">&#x646;&#x635;</subfield>
    <subfield code="b">txt</subfield>
    <subfield code="2">rdacontent</subfield>
    <subfield code="3">&#x643;&#x62A;&#x627;&#x628;</subfield>
  </datafield>
  <datafield tag="337" ind1=" " ind2=" ">
    <subfield code="a">&#x628;&#x62F;&#x648;&#x646; &#x648;&#x633;&#x64A;&#x637;</subfield>
    <subfield code="b">n</subfield>
    <subfield code="2">rdamedia</subfield>
  </datafield>
  <datafield tag="338" ind1=" " ind2=" ">
    <subfield code="a">&#x645;&#x62C;&#x644;&#x62F;</subfield>
    <subfield code="b">nc</subfield>
    <subfield code="2">rdacarrier</subfield>
  </datafield>
  <datafield tag="500" ind1=" " ind2=" ">
    <subfield code="a">&#x62A;&#x643;&#x644;&#x64A;&#x641; &#x645;&#x646; : &#x645;&#x643;&#x62A;&#x628;&#x629; &#x627;&#x644;&#x62A;&#x631;&#x628;&#x64A;&#x629; &#x627;&#x644;&#x639;&#x631;&#x628;&#x64A; &#x644;&#x62F;&#x648;&#x644; &#x627;&#x644;&#x62E;&#x644;&#x64A; &#x645;&#x62C;&#x644;&#x62F;</subfield>
  </datafield>
  <datafield tag="500" ind1=" " ind2=" ">
    <subfield code="a">&#x62A;&#x645; &#x646;&#x634;&#x631; &#x647;&#x630;&#x647; &#x627;&#x644;&#x62A;&#x631;&#x62C;&#x645;&#x629; &#x627;&#x644;&#x639;&#x631;&#x628;&#x64A;&#x629; &#x644;&#x643;&#x62A;&#x627;&#x628; : Eucation in contemporary Japan &#x628;&#x627;&#x644;&#x627;&#x62A;&#x641;&#x627;&#x642; &#x645;&#x639; &#x645;&#x624;&#x633;&#x633;&#x629; &#x628;&#x64A; &#x625;&#x62A;&#x634; &#x622;&#x64A; &#x62F;&#x644;&#x62A;&#x627; &#x643;&#x627;&#x628;&#x627; &#x627;&#x644;&#x62A;&#x639;&#x644;&#x64A;&#x645;&#x64A;&#x629; &#x628;&#x627;&#x644;&#x648;&#x644;&#x627;&#x64A;&#x627;&#x62A; &#x627;&#x644;&#x645;&#x62A;&#x62D;&#x62F;&#x629; &#x627;&#x644;&#x623;&#x645;&#x631;&#x64A;&#x643;&#x64A;&#x629;.</subfield>
  </datafield>
  <datafield tag="500" ind1=" " ind2=" ">
    <subfield code="a">&#x645; &#x62A; &#x639;/8.</subfield>
  </datafield>
  <datafield tag="650" ind1=" " ind2="7">
    <subfield code="a">&#x627;&#x644;&#x645;&#x637;&#x628;&#x648;&#x639;&#x627;&#x62A; &#x627;&#x644;&#x62D;&#x643;&#x648;&#x645;&#x64A;&#x629;</subfield>
    <subfield code="2">aucsh</subfield>
  </datafield>
  <datafield tag="650" ind1=" " ind2="7">
    <subfield code="a">&#x627;&#x644;&#x62A;&#x639;&#x644;&#x64A;&#x645;</subfield>
    <subfield code="z">&#x627;&#x644;&#x64A;&#x627;&#x628;&#x627;&#x646;</subfield>
    <subfield code="x">&#x645;&#x637;&#x628;&#x648;&#x639;&#x627;&#x62A; &#x62D;&#x643;&#x648;&#x645;&#x64A;&#x629;</subfield>
    <subfield code="2">aucsh</subfield>
  </datafield>
  <datafield tag="700" ind1="1" ind2=" ">
    <subfield code="a">&#x645;&#x631;&#x633;&#x64A;&#x60C; &#x645;&#x62D;&#x645;&#x62F; &#x639;&#x628;&#x62F; &#x627;&#x644;&#x639;&#x644;&#x64A;&#x645;</subfield>
    <subfield code="e">&#x645;&#x62A;&#x631;&#x62C;&#x645;.</subfield>
  </datafield>
  <datafield tag="700" ind1="1" ind2="2">
    <subfield code="i">&#x62A;&#x631;&#x62C;&#x645;&#x629; &#x644;&#x640; :</subfield>
    <subfield code="a">&#x628;&#x648;&#x634;&#x627;&#x645;&#x628;&#x60C; &#x625;&#x62F;&#x648;&#x627;&#x631;&#x62F;&#x60C;</subfield>
    <subfield code="d">1933-</subfield>
    <subfield code="t">Education in contemporary Japan.</subfield>
  </datafield>
  <datafield tag="942" ind1=" " ind2=" ">
    <subfield code="2">ddc</subfield>
    <subfield code="c">BOOK</subfield>
    <subfield code="n">0</subfield>
  </datafield>
  <datafield tag="949" ind1=" " ind2=" ">
    <subfield code="a">SA-JeALM</subfield>
    <subfield code="d">250104</subfield>
    <subfield code="u">mohamedma123</subfield>
    <subfield code="n">1</subfield>
  </datafield>
  <datafield tag="952" ind1=" " ind2=" ">
    <subfield code="0">0</subfield>
    <subfield code="1">0</subfield>
    <subfield code="2">ddc</subfield>
    <subfield code="4">0</subfield>
    <subfield code="7">0</subfield>
    <subfield code="a">WAHAB</subfield>
    <subfield code="b">WAHAB</subfield>
    <subfield code="d">2025-01-18</subfield>
    <subfield code="l">0</subfield>
    <subfield code="o">370.952  &#x628; &#x648; &#x634;</subfield>
    <subfield code="p">000007840</subfield>
    <subfield code="r">2025-01-18 13:49:31</subfield>
    <subfield code="w">2025-01-18</subfield>
    <subfield code="y">BOOK</subfield>
  </datafield>
  <datafield tag="999" ind1=" " ind2=" ">
    <subfield code="c">4935</subfield>
    <subfield code="d">4935</subfield>
  </datafield>
</record>
